| Tag |
First Indicator |
Second Indicator |
Subfields |
| LEADER |
00000cam a2200000 4500 |
| 001 |
in00000061192 |
| 005 |
20151008051634.0 |
| 008 |
720208s1952 enk 00000 eng u |
| 010 |
|
|
|a 53000172
|
| 035 |
|
|
|a (OCoLC)00236316
|
| 035 |
|
|
|9 AAG9116AM
|
| 040 |
|
|
|c WSU
|d TXA
|d UtOrBLW
|
| 049 |
|
|
|a TXAM
|c [222064]
|
| 050 |
|
0 |
|a HC256.4
|b .P67
|
| 090 |
|
|
|a HC256.4
|b .P67 1952
|
| 092 |
|
|
|a 355.26
|b P857b
|
| 100 |
1 |
|
|a Postan, M. M.
|q (Michael Moïssey),
|d 1899-1981.
|
| 245 |
1 |
0 |
|a British war production.
|
| 264 |
|
1 |
|a London :
|b H.M. Stationery Off,
|c 1952.
|
| 300 |
|
|
|a 512 pages
|
| 336 |
|
|
|a text
|b txt
|2 rdacontent
|
| 337 |
|
|
|a unmediated
|b n
|2 rdamedia
|
| 338 |
|
|
|a volume
|b nc
|2 rdacarrier
|
| 490 |
0 |
|
|a History of the Second World War; United Kingdom civil series
|
| 650 |
|
0 |
|a World War, 1939-1945
|x Economic aspects
|z Great Britain.
|
| 650 |
|
0 |
|a Industries
|z Great Britain.
|
| 999 |
|
|
|a MARS
|
| 999 |
f |
f |
|s 4b117e2c-7d40-392c-95bb-4e3f16395138
|i 72416f29-905d-3e9a-b136-1b65f886d183
|t 0
|
| 952 |
f |
f |
|p ric
|a Texas A&M University
|b Rellis Campus
|c Joint Library Facility
|d Remote Storage
|t 0
|e HC256.4 .P67 1952
|h Library of Congress classification
|i unmediated -- volume
|m A14800804752
|
| 952 |
f |
f |
|p noncirc
|a Texas A&M University
|b College Station
|c Cushing Memorial Library & Archives
|d Cushing: Ragan Military (Does not check out)
|t 0
|e HC256.4 .P67 1952
|h Library of Congress classification
|i unmediated -- volume
|
| 998 |
f |
f |
|a HC256.4 .P67 1952
|t 0
|l Cushing: Ragan Military (Does not check out)
|
| 998 |
f |
f |
|a HC256.4 .P67 1952
|t 0
|l Remote Storage
|